• 首页
  • 本馆介绍
  • 公告通知
  • 最新文献
  • 馆藏检索
  • 电子资源
  • 读者导购
  • 参考咨询
  • 我的图书馆
  • 登录
  • 详细信息显示
  • 放入我的书架
  • 预约/预借图书
  • 作者相关作品
  • 分类相关作品
  • 丛书相关作品
  • 出版社相关作品

书目信息

  • 表格格式
  • 工作单格式
  • 卡片格式
题名:
干细胞临床应用
    
 
作者: 陈继冰 , 穆峰 , 王雪莹 主编
分册:  
出版信息: 广州   中山大学出版社  2021.01
页数: 207页
开本: 24cm
丛书名:
单 册:
中图分类: Q24
科图分类:
主题词: 干细胞--gan xi bao--临床应用--研究
电子资源:
ISBN: 978-7-306-07009-8
000 01201nam0 2200277 450
001 CAL 0120217123312
005 20230217093113.0
010    @a978-7-306-07009-8@dCNY68.00
100    @a20210322d2021 em y0chiy0120 ea
101 0  @achi
102    @aCN@b440000
105    @aa a 000yy
106    @ar
200 1  @a干细胞临床应用@Agan xi bao lin chuang ying yong@d= Clinical application of stem cells@f陈继冰, 穆峰, 王雪莹主编@zeng
210    @a广州@c中山大学出版社@d2021.01
215    @a207页@c图@d24cm
320    @a有书目 (第157-207页)
330    @a本书面向从事预防医学和再生医学的研究者或爱好者, 介绍动物实验方面的成果及近几年编写者的临床探索, 分为五个部分: 第一部分是干细胞简介。第二部分至第四部分是本书的主体, 分别针对疾病治疗、整形美容和抗衰老总结了近10年来的研究进展, 以疾病为导向, 详细阐述干细胞的种类、方法及疗效评估。第五部分介绍干细胞家族的新成员 —— 极小胚胎样干细胞。
510 1  @aClinical application of stem cells@zeng
606 0  @a干细胞@Agan xi bao@x临床应用@x研究
690    @aQ24@v5
701  0 @a陈继冰@Achen ji bing@4主编
701  0 @a穆峰@Amu feng@4主编
701  0 @a王雪莹@Awang xue ying@4主编
801  0 @aCN@bBJXHZP@c20230228
905    @b1404168-71@dQ24@e65@f4
    
    干细胞临床应用= Clinical application of stem cells/陈继冰, 穆峰, 王雪莹主编.-广州:中山大学出版社,2021.01
    207页:图;24cm
    
    
    ISBN 978-7-306-07009-8:CNY68.00
    本书面向从事预防医学和再生医学的研究者或爱好者, 介绍动物实验方面的成果及近几年编写者的临床探索, 分为五个部分: 第一部分是干细胞简介。第二部分至第四部分是本书的主体, 分别针对疾病治疗、整形美容和抗衰老总结了近10年来的研究进展, 以疾病为导向, 详细阐述干细胞的种类、方法及疗效评估。第五部分介绍干细胞家族的新成员 —— 极小胚胎样干细胞。
●
相关链接 在E读中查询图书 在五车中查询图书 在当当中查询图书 在豆瓣中查询图书


正题名:干细胞临床应用     索取号:Q24/65         预约/预借

序号 登录号 条形码 馆藏地/架位号 状态 备注
1 1404168   214041687   第二样本阅览室/ [索取号:Q24/65] 在馆    
2 1404169   214041696   第三借阅区/ [索取号:Q24/65] 在馆    
3 1404170   214041703   第三借阅区/ [索取号:Q24/65] 在馆    
4 1404171   214041712   第三借阅区/ [索取号:Q24/65] 在馆    
唐山师范学院图书馆 欢迎您!
大连网信软件有限公司© 版权所有